LEADER 01144nam0 2200277 450 001 000025096 005 20090326174005.0 100 $a20090326d1993----km-y0itay50------ba 101 0 $aita 102 $aIT 105 $ay-------001yy 200 1 $a<>debito estero dei paesi in via di sviluppo: fattore di crescita o di squilibrio?$fdi Ferruccio Bresolin 210 $aArezzo$cBanca Popolare dell'Etruria e del Lazio$dstampa 1993 215 $a301 p.$d23 cm 225 2 $aStudi e ricerche 300 $aSuppl. a : Etruria oggi, n. 33. 410 0$12001$aStudi e ricerche 500 10$a<>debito estero dei paesi in via di sviluppo: fattore di crescita o di squilibrio?$944333 610 1 $aDebito estero$aPaesi in via di sviluppo 676 $a336.3435091724$v19$9Prestito e debito pubblico a livello internazionale. Paesi a basso grado di sviluppo 700 1$aBresolin,$bFerruccio$0118300 801 0$aIT$bUNIPARTHENOPE$c20090326$gRICA$2UNIMARC 912 $a000025096 951 $a121/107$b7057bis$cNAVA2 996 $aDebito estero dei paesi in via di sviluppo: fattore di crescita o di squilibrio$944333 997 $aUNIPARTHENOPE LEADER 00769nam0 2200289 450 001 000027908 005 20101027114109.0 010 $a978-88-14-14153-9 010 $a88-14-14153-3 100 $a20101027d2008----km-y0itay50------ba 101 0 $aita 102 $aIT 105 $ay-------001yy 200 1 $aDiritto penale$fTullio Padovani 205 $a9. ed. 210 $aMilano$cGiuffrè$d2008 215 $aXIII, 415 p.$d24 cm 410 0$12001 500 10$aDiritto penale$941608 610 1 $aDiritto penale$aManuali 676 $a345$v21 700 1$aPadovani,$bTullio$0140402 801 0$aIT$bUNIPARTHENOPE$c20101027$gRICA$2UNIMARC 912 $a000027908 951 $aR-0047$b42698$cNAVA3$d2010 996 $aDiritto penale$941608 997 $aUNIPARTHENOPE LEADER 01541nam0 2200289 450 001 000018760 005 20081104111407.0 010 $a88-256-1024-6 100 $a20081104d1983----km-y0itay50------ba 101 0 $aeng 102 $aNL 105 $aa-------001yy 200 1 $aThe application of mini - and micro - computers in information, documentation and libraries$eproceedings of the International Conference on the application of mini - and micro - computers in information, documentation and libraries, Tel-Aviv, Israel, March 13-18 1983$fedited by Carl Keren and Linda Perlmutter 210 $aAmsterdam$cElseviers science publishers$d1983 215 $aXIX, 377 p.$cill.$d24 cm 500 10$aThe application of mini - and micro - computers in information, documentation and libraries$m$955490 610 1 $aInformatica$aImpiego in biblioteconomia 610 1 $aCongressi$aBiblioteche$aAutomazione 676 $a025.04$v20$9Attività nelle biblioteche negli archivi, nei centri d'informazione. Sistemi di memorizzazione e recupero delle informazioni 702 1$aKeren,$bCarl 702 1$aPerlmutter,$bLinda 712 12$aInternational conference on the application of mini and micro computers in information, documentation and libraries$d<1983 ;$fTel Aviv> 801 0$aIT$bUNIPARTHENOPE$c20081104$gRICA$2UNIMARC 912 $a000018760 951 $aM 125.04/1$bM 691$cDSA$d2008 996 $aThe application of mini - and micro - computers in information, documentation and libraries$955490 997 $aUNIPARTHENOPE